01151nas a2200325 a 4500999001500000001001900015003000400034005001700038008004100055020001500096035002500111035002100136040002400157080001400181245010600195260003400301300003200335546003500367650002000402650004900422650004000471700003000511700002500541710005200566907006900618908001300687940000800700942001300708952010400721 c7557d7557991028595929706706OSt20211217130018.0041025c19999999sp || ||| ||| 0 ||spa|c a8492275928 a(ES-BaCBU).b32264392 a(OCoLC)803212085 aES-BaCBUbcatcCDMR a070.4(05)00aInnovaciones en periódicos :binforme mundial 1999c/ [Editores: Juan Antonio Giner, Barry Sussman] aPamplona :bInnovation,c1999 a79 pàginesb: il.;c30 cm aEs publica també en anglès04aDiarisxDisseny07aDiarisxCompaginació i composició2lemac04aPremsaxInnovacions tecnològiques1 91748aGiner, Juan Antonio 94765aSussman, Barry2 aInnovation International Media Consulting Group a.b32264392b11-02-21c09-05-08d25-10-04esfbg-hspaispj0k2 aUABaUPF aUAB 2udccMON 00104070aCDMRbCDMRd2021-12-17eDonaciól0oDm /28pCDMR21120093r2021-12-17w2021-12-17yMON